| 000 | 00476nam a22001457a 4500 | ||
|---|---|---|---|
| 020 | _a81-286-0842-8 | ||
| 082 |
_a823 _bJON/L |
||
| 100 | _aLIZZIE MCGUIRE | ||
| 245 | _aLIZZIE ETHAN | ||
| 260 |
_aMUMBAI _bEURO BOOKS INTERNATIONAL _c2007 |
||
| 300 | _a152 | ||
| 520 | _aLizzie McGuire runs into problems when she uses her best friend Gordo to tutor Ethan Craft in math in order to be near Ethan with whom she has fallen in love. | ||
| 650 | _aTRUE LOVE IS HARD WORK | ||
| 942 | _cBK | ||
| 999 |
_c459 _d459 |
||